Car Brands from Modena - Statistics

General Stats
  • This quiz has been taken 19 times
  • The average score is 5 of 11
Answer Stats
first letter Answer % Correct
F Ferrari
100%
L Lamborghini
89%
M Maserati
84%
A Alfa Romeo
68%
P Pagani
58%
F Fiat
47%
L Lancia
32%
A Abarth
16%
P Pininfarina
16%
I Iveco
5%
M Mazzanti Automobili
5%
No matching quizzes found
Score Distribution
Percent of People with Each Score
Percentile by Number Answered
Your Score History
You have not taken this quiz